Pokémon: Capacités Dynamax - Statistiques

Statistiques générales
  • Ce quiz a été pris 93 fois
  • Le résultat moyen est 12 sur 19
Statistiques - réponses
Type de quiz Capacité % Correct
Feu Pyromax
90%
Dragon Dracomax
85%
Normal Normalomax
85%
Vol Aéromax
79%
Insecte Insectomax
77%
Eau Hydromax
75%
Spectre Spectromax
75%
Acier Métallomax
67%
Combat Pugilomax
66%
Normal * Gardomax
64%
Psy Psychomax
62%
Électrik Fulguromax
59%
Glace Cryomax
57%
Roche Lithomax
54%
Plante Phytomax
54%
Sol Sismomax
51%
Poison Toxinomax
41%
Fée Enchantomax
34%
Ténèbres Sinistromax
33%
Aucun quiz correspondant
Distribution des résultats
% des personnes avec chaque résultat
Percentile par nombre de réponses
Votre historique - résultats
Vous n’avez pas pris ce quiz